000 01065nam a22001337a 4500
999 _c532022
_d532022
008 251126b ||||| |||| 00| 0 eng d
100 _aMishra, R.K.
_958015
245 _aUnderstanding state-owned enterprises reforms in China
260 _aIndian Journal of Public Administration
300 _a71(3), Sep, 2025: p.642-649
520 _aSince the beginning of reforms and opening-up, China has explored the route of state-owned enterprises (SOEs) with changes appropriate to China’s national conditions and Chinese features. One of the main elements of the state’s capitalism reforms is SOE reforms (Yelery, 2021). Even with SOE productivity below ideal levels, China’s rapid economic growth has persisted. The ‘Chinese Puzzle’ of the expansion is explained by SOEs. This study aims to explore China’s reform initiatives concerning SOEs, including their suggested course, efficacy and future goals.- Reproduced https://journals.sagepub.com/doi/full/10.1177/00195561251369065
773 _aIndian Journal of Public Administration
942 _cAR